000 01036naa a22002897a 4500
001 BR8800662
003 BR-BrBNA
005 20240918175936.0
007 ta
008 230509b bl.||||| |||| 00| 0 por d
040 _aBR-BrBNA
_bpor
_cBiblioteca Nacional de Agricultura
041 _a(Pt)
072 _aF30
_b0336
090 _aF30 BR8800662
100 1 _aRubin, S. de A.L.
100 1 _aVargas, J.N.R. de
100 1 _aHilgert, E.R.
111 1 _a15. Reuniao de Pesquisa de Soja da Regiao Sul
_cCruz Alta, RS (Brazil)
_d10-13 Aug 1987
245 1 _aCriacao de cultivares de soja (Glycine max (L.)Merril)no Instituto de Pesquisas Agronomicas em 86/87
260 3 _aPorto Alegre, RS (Brasil):
_c1987.
500 _aResultados de pesquisa. 1986-87 Porto Alegre, RS (Brasil): 1987. p. 7-13 (BR8800662-AM)F30
650 _aSOJA
650 _aVARIEDADE
773 0 _tResultados de pesquisa. 1986-87
_wF30 BR8800662
_gPorto Alegre, RS (Brasil), 1987. p. 7-13
909 _a202404
_bLucia
_c55
_dLucia Elande
942 _cAM
_2AGRIS
999 _c318894
_d318894